000 00736nam a2200253 i 4500
001 C2-0219888
003 PPAK
005 20180728112327.0
008 990912s1996 nyua|||| ||||| | eng d
020 _a0028605977
040 _aPPAK
_beng
_cPPAK
_erda
082 0 4 _a652.3
_2 23
090 0 0 _a652.3
_bLEV
_dG
100 1 _aLevine, Nathan,
_eauthor
245 1 0 _aTyping and keyboarding for everyone
250 _aLindsell-Roberts, Sheryl ; 10th. ed.
264 1 _aNew York :
_bMacmillan ,
_c1996
300 _avii, 153 pages :
_billustrations (some colour) ;
_c28 cm
336 _2rdacontent
_atext
337 _2rdamedia
_aunmediated
338 _2rdacarrier
_avolume
650 1 0 _aKeyboarding ; Typewriting
942 _ddc
_cB
999 _c162438
_d162438